00477nam a2200193 a 4500001001300000003000900013005001700022008004100039020001000080082001300090100001700103245002900120260004200149300000800191500003500199505001300234650001900247700001700266nice12345678IN_TiNIC20260116011350.0050524s1956 lona grp 000 0 eng  ac10000a270bFOS aFoster, John aBeginning from Jerusalem aLondonbLutterworth Educationalc1956 a94p aincludes index and biblioraphy2 aAppendix aChurch-History1 aFoster, John